[Event "Stay Safe Play From Home 347"]
[Site "Emanuel Lasker Arena"]
[Date "2020.07.31"]
[Round "8"]
[White "TheCHESSHOUSE"]
[Black "Justwatch"]
[Result "1-0"]
[WhiteElo "2109"]
[BlackElo "1643"]
[PlyCount "85"]
[EventDate "2020.07.31"]
[EventType "swiss (blitz)"]

1. d4 {[%emt 0:00:01]} Nf6 {[%emt 0:00:00]} 2. c4 {[%emt 0:00:00]} g6 {[%emt 0:00:00]} 3. Nc3 {[%emt 0:00:00]} Bg7 {[%emt 0:00:00]} 4. e4 {[%emt 0:00:00]} O-O {[%emt 0:00:00]} 5. Nf3 {[%emt 0:00:00]} d6 {[%emt 0:00:00]} 6. Be2 {[%emt 0:00:00]} Bg4 {[%emt 0:00:01]} 7. O-O {[%emt 0:00:00]} Bxf3 {[%emt 0:00:00]} 8. Bxf3 {[%emt 0:00:00]} Nc6 {[%emt 0:00:00]} 9. Be3 {[%emt 0:00:00]} Nd7 {[%emt 0:00:00]} 10. Rc1 {[%emt 0:00:03]} a6 {[%emt 0:00:00]} 11. Be2 {[%emt 0:00:01]} Nb6 {[%emt 0:00:00]} 12. b3 {[%emt 0:00:02]} Nd7 {[%emt 0:00:01]} 13. Qd2 {[%emt 0:00:01]} Nf6 {[%emt 0:00:00]} 14. f4 {[%emt 0:00:01]} Qd7 {[%emt 0:00:01]} 15. Kh1 {[%emt 0:00:01]} Ng4 {[%emt 0:00:01]} 16. Bg1 {[%emt 0:00:01]} Nh6 {[%emt 0:00:02]} 17. Rcd1 {[%emt 0:00:01]} Rae8 {[%emt 0:00:04]} 18. d5 {[%emt 0:00:01]} Nb8 {[%emt 0:00:01]} 19. h3 {[%emt 0:00:01]} e6 {[%emt 0:00:01]} 20. Bf3 {[%emt 0:00:06]} exd5 {[%emt 0:00:01]} 21. exd5 {[%emt 0:00:00]} Re7 {[%emt 0:00:02]} 22. Ne4 {[%emt 0:00:01]} Rfe8 {[%emt 0:00:01]} 23. Ng3 {[%emt 0:00:00]} Qc8 {[%emt 0:00:03]} 24. Qd3 {[%emt 0:00:02]} Nf5 {[%emt 0:00:01]} 25. Nxf5 {[%emt 0:00:01]} Qxf5 {[%emt 0:00:00]} 26. Qd2 {[%emt 0:00:01]} Nd7 {[%emt 0:00:02]} 27. Bg4 {[%emt 0:00:01]} Qf6 {[%emt 0:00:02]} 28. f5 {[%emt 0:00:00]} Ne5 {[%emt 0:00:01]} 29. fxg6 {[%emt 0:00:03]} fxg6 {[%emt 0:00:00]} 30. Rxf6 {[%emt 0:00:01]} Bxf6 {[%emt 0:00:00]} 31. Be6+ {[%emt 0:00:00]} Kg7 {[%emt 0:00:01]} 32. Bd4 {[%emt 0:00:01]} c6 {[%emt 0:00:02]} 33. Bxe5 {[%emt 0:00:01]} Bxe5 {[%emt 0:00:00]} 34. Rf1 {[%emt 0:00:00]} Rxe6 {[%emt 0:00:01]} 35. dxe6 {[%emt 0:00:01]} Rxe6 {[%emt 0:00:00]} 36. Qf2 {[%emt 0:00:00]} Rf6 {[%emt 0:00:01]} 37. Qe2 {[%emt 0:00:00]} Re6 {[%emt 0:00:01]} 38. Qg4 {[%emt 0:00:01]} Rf6 {[%emt 0:00:01]} 39. Rxf6 {[%emt 0:00:01]} Kxf6 {[%emt 0:00:00]} 40. Qd7 {[%emt 0:00:00]} b5 {[%emt 0:00:02]} 41. Qxc6 {[%emt 0:00:01]} bxc4 {[%emt 0:00:00]} 42. Qxc4 {[%emt 0:00:01]} Kf5 {[%emt 0:00:00]} 43. Qxa6 {[%emt 0:00:01] Justwatch terk eder (Lag: Av=0.67s, max=1.2s)} 1-0

[Event "Stay Safe Play From Home 347"]
[Site "Emanuel Lasker Arena"]
[Date "2020.07.31"]
[Round "8"]
[White "Hickey"]
[Black "Nuktotitakoi"]
[Result "0-1"]
[WhiteElo "2088"]
[BlackElo "2320"]
[Annotator "TA"]
[PlyCount "70"]
[EventDate "2020.07.31"]
[EventType "swiss (blitz)"]

{[%evp 9,70,12,7,5,13,8,9,0,-12,-21,-8,-25,38,-42,-39,-110,-106,-109,-100,-97,-97,-126,-134,-140,-72,-172,-96,-161,-68,-164,-171,-150,-35,-23,75,-176,-94,-375,-316,-641,-606,-587,-519,-710,-677,-612,-580,-1451,-903,-903,-903,-893,-887,-851,-831,-29979,-29980,-29980,-29981,-29979,-29978,-5606,-2596]} 1. Nf3 d6 2. g3 Nf6 3. Bg2 g6 4. O-O Bg7 5. b3 O-O 6. Bb2 {A05: Réti Opening: 1 Nf3 Nf6.} c5 7. d3 e5 8. Nbd2 {The position is equal.} Nc6 9. e4 Be6 10. Nc4 {[#]} a5 $146 (10... b5 $11 11. Ne3 Re8) ({Predecessor:} 10... h6 11. Ne3 Qd7 12. Nh4 Bh3 13. f4 exf4 14. Rxf4 Nd4 15. Bxh3 Qxh3 16. Nhf5 Qh5 17. Nxd4 cxd4 18. Bxd4 {0-1 (35) Mueller,E (2116)-Kazakov,M (2486) Frankenthal 2015}) 11. a3 (11. a4 $14) 11... a4 $15 12. b4 (12. Ng5 $15) 12... b5 $1 $17 {[%cal Rb5c4]} 13. Ne3 cxb4 14. axb4 Nxb4 15. Ba3 Nc6 16. Rb1 {[#]} Qa5 (16... b4 $142 $1 {[%mdl 512]} 17. Bxb4 a3) 17. Qe1 {[#]} (17. Bxd6 $17 {might work better.} a3 18. Bxf8 Rxf8 19. Ng5) 17... Rfd8 ({Better is} 17... b4 $1 $19 {[%mdl 512]} 18. Bxb4 Nxb4 19. Qxb4 a3 20. Qxa5 Rxa5) 18. c3 (18. Qxa5 $17 Rxa5 19. Ng5) 18... Ng4 (18... Rac8 $19 19. Ng5 Bb3) 19. Nxg4 (19. Nd5 $1 $15) 19... Bxg4 $19 20. Qd2 d5 (20... Qa6 $17 21. Qe3 Rab8) 21. exd5 $15 Rxd5 (21... Bxf3 $11 {keeps the balance.} 22. Bxf3 Nd4) 22. Rfe1 $2 {[%mdl 8192] [#]} (22. Ng5 $16 {is forced if you want to stay better.} b4 23. Bxb4 (23. cxb4 Qb5 $14) 23... Nxb4 24. Rxb4) 22... Rad8 ({Black should try} 22... e4 $1 $19 {[%mdl 512]} 23. Rxe4 (23. dxe4 Rxd2) 23... Bf5) 23. Qc2 $2 {[%mdl 8192]} (23. Ng5 $17 {was worth a try.} Rxd3 {[%mdl 64] Double Attack} 24. Qa2) 23... Rxd3 24. Bb4 $2 (24. Ng5 Qxc3 25. Qxc3 Rxc3 26. Rxb5) 24... Nxb4 $19 25. cxb4 Qb6 26. Nxe5 Bxe5 27. Rxe5 Rd2 {( -> ...Qxf2+)} 28. Qc5 Rd1+ 29. Re1 Rxb1 30. Rxb1 Qxc5 31. bxc5 {KRB-KRB} a3 {[%cal Ba4a3,Ba3a2][%mdl 32] Hoping for ...a2.} 32. c6 a2 33. Ra1 Rd1+ 34. Rxd1 Bxd1 35. c7 Bg4 {Accuracy: White = 30%, Black = 47%.} 0-1

[Event "Stay Safe Play From Home 347"]
[Site "Emanuel Lasker Arena"]
[Date "2020.07.31"]
[Round "8"]
[White "Padmaesh M K"]
[Black "Stefanone"]
[Result "1-0"]
[WhiteElo "1882"]
[BlackElo "2029"]
[PlyCount "43"]
[EventDate "2020.07.31"]
[EventType "swiss (blitz)"]

1. d4 {[%emt 0:00:02]} d5 {[%emt 0:00:01]} 2. Nc3 {[%emt 0:00:01]} c6 {[%emt 0:00:00]} 3. Bg5 {[%emt 0:00:01]} f6 {[%emt 0:00:01]} 4. Bh4 {[%emt 0:00:01]} e6 {[%emt 0:00:01]} 5. e4 {[%emt 0:00:01]} Be7 {[%emt 0:00:00]} 6. Bd3 {[%emt 0:00:02]} f5 {[%emt 0:00:01]} 7. exd5 {[%emt 0:00:00]} Bxh4 {[%emt 0:00:01]} 8. dxe6 {[%emt 0:00:03]} Bxe6 {[%emt 0:00:00]} 9. Qe2 {[%emt 0:00:02]} Qf6 {[%emt 0:00:01]} 10. Nf3 {[%emt 0:00:01]} Bg5 {[%emt 0:00:01]} 11. Nxg5 {[%emt 0:00:02]} Ke7 {[%emt 0:00:01]} 12. Bc4 {[%emt 0:00:05]} h6 {[%emt 0:00:04]} 13. Nxe6 {[%emt 0:00:02]} Nd7 {[%emt 0:00:01]} 14. Nc5+ {[%emt 0:00:01]} Kd8 {[%emt 0:00:02]} 15. Nxd7 {[%emt 0:00:02]} Kxd7 {[%emt 0:00:00]} 16. O-O-O {[%emt 0:00:01]} Ne7 {[%emt 0:00:01]} 17. d5 {[%emt 0:00:02]} c5 {[%emt 0:00:02]} 18. d6 {[%emt 0:00:02]} Nc6 {[%emt 0:00:01]} 19. Nd5 {[%emt 0:00:01]} Qd4 {[%emt 0:00:02]} 20. Rxd4 {[%emt 0:00:02]} Nxd4 {[%emt 0:00:00]} 21. Qe7+ {[%emt 0:00:02]} Kc6 {[%emt 0:00:02]} 22. Qc7# {[%emt 0:00:02] (Lag: Av=0.39s, max=1.3s)} 1-0

[Event "Stay Safe Play From Home 347"]
[Site "Emanuel Lasker Arena"]
[Date "2020.07.31"]
[Round "8"]
[White "Edmatuag"]
[Black "Buzaglo"]
[Result "0-1"]
[WhiteElo "1685"]
[BlackElo "1795"]
[Annotator "NA"]
[PlyCount "58"]
[EventDate "2020.07.31"]
[EventType "swiss (blitz)"]

1. e3 {[%emt 0:00:02]} e6 {[%emt 0:00:01]} 2. f3 {[%emt 0:00:00]} d5 {[%emt 0:00:01]} 3. Ne2 {[%emt 0:00:00]} d4 {[%emt 0:00:00]} 4. Kf2 {[%emt 0:00:00]} d3 {[%emt 0:00:00]} 5. cxd3 {[%emt 0:00:02]} Qxd3 {[%emt 0:00:00]} 6. Nf4 {[%emt 0:00:01]} Qd8 {[%emt 0:00:01]} 7. Bc4 {[%emt 0:00:02]} Nf6 {[%emt 0:00:00]} 8. Qb3 {[%emt 0:00:01]} Nc6 {[%emt 0:00:02]} 9. d4 {[%emt 0:00:02]} Na5 {[%emt 0:00:01]} 10. Qa4+ {[%emt 0:00:03]} Nc6 {[%emt 0:00:01]} 11. Bb5 {[%emt 0:00:01]} Bd7 {[%emt 0:00:01]} 12. Nc3 {[%emt 0:00:01]} a6 {[%emt 0:00:01]} 13. Bxc6 {[%emt 0:00:01]} Bxc6 {[%emt 0:00:01]} 14. Qc2 {[%emt 0:00:00]} Be7 {[%emt 0:00:01]} 15. b3 {[%emt 0:00:01]} Nd5 {[%emt 0:00:01]} 16. Ncxd5 {[%emt 0:00:03]} exd5 {[%emt 0:00:00]} 17. Qf5 {[%emt 0:00:03]} Bd7 {[%emt 0:00:02]} 18. Qh5 {[%emt 0:00:02]} g6 {[%emt 0:00:03]} 19. Qxd5 {[%emt 0:00:01]} O-O {[%emt 0:00:02]} 20. Bb2 {[%emt 0:00:02]} Bf6 {[%emt 0:00:01]} 21. Qc4 {[%emt 0:00:02]} Bb5 {[%emt 0:00:02]} 22. Qc2 {[%emt 0:00:02]} c5 {[%emt 0:00:02]} 23. Rac1 {[%emt 0:00:02]} cxd4 {[%emt 0:00:01]} 24. Rhd1 {[%emt 0:00:02]} dxe3+ {[%emt 0:00:01]} 25. Kxe3 {[%emt 0:00:00]} Qb6+ {[%emt 0:00:02]} 26. Bd4 {[%emt 0:00:03]} Bxd4+ {[%emt 0:00:01]} 27. Rxd4 {[%emt 0:00:00]} Rac8 {[%emt 0:00:02]} 28. Qd2 {[%emt 0:00:02]} Rxc1 {[%emt 0:00:01]} 29. Qxc1 {[%emt 0:00:01]} Re8+ {[%emt 0:00:01] Edmatuag resigns (Lag: Av=0.57s, max=1.1s)} 0-1

[Event "Stay Safe Play From Home 347"]
[Site "Emanuel Lasker Arena"]
[Date "2020.07.31"]
[Round "8"]
[White "Trotsky"]
[Black "Gibiz144"]
[Result "0-1"]
[WhiteElo "1626"]
[BlackElo "1634"]
[Annotator "NA"]
[PlyCount "64"]
[EventDate "2020.07.31"]
[EventType "swiss (blitz)"]

1. d4 {[%emt 0:00:03]} e6 {[%emt 0:00:00]} 2. e3 {[%emt 0:00:00]} b6 {[%emt 0:00:00]} 3. c4 {[%emt 0:00:00]} Bb7 {[%emt 0:00:00]} 4. Nc3 {[%emt 0:00:01]} d6 {[%emt 0:00:00]} 5. Qc2 {[%emt 0:00:01]} Ne7 {[%emt 0:00:01]} 6. f3 {[%emt 0:00:00]} g6 {[%emt 0:00:01]} 7. Bd3 {[%emt 0:00:01]} Bg7 {[%emt 0:00:00]} 8. Bd2 {[%emt 0:00:01]} h6 {[%emt 0:00:01]} 9. h4 {[%emt 0:00:01]} Nd7 {[%emt 0:00:01]} 10. Nh3 {[%emt 0:00:00]} a6 {[%emt 0:00:02]} 11. O-O-O {[%emt 0:00:03]} e5 {[%emt 0:00:01]} 12. Kb1 {[%emt 0:00:02]} exd4 {[%emt 0:00:02]} 13. exd4 {[%emt 0:00:01]} Nc6 {[%emt 0:00:01]} 14. a3 {[%emt 0:00:02]} Nxd4 {[%emt 0:00:01]} 15. Qc1 {[%emt 0:00:01]} Nb3 {[%emt 0:00:03]} 16. Qc2 {[%emt 0:00:01]} Nxd2+ {[%emt 0:00:01]} 17. Rxd2 {[%emt 0:00:01]} Qf6 {[%emt 0:00:02]} 18. g4 {[%emt 0:00:01]} Nc5 {[%emt 0:00:09]} 19. Re1+ {[%emt 0:00:01]} Kf8 {[%emt 0:00:02]} 20. Be4 {[%emt 0:00:04]} Nxe4 {[%emt 0:00:03]} 21. fxe4 {[%emt 0:00:01]} Re8 {[%emt 0:00:03]} 22. Nd5 {[%emt 0:00:02]} Bxd5 {[%emt 0:00:03]} 23. exd5 {[%emt 0:00:01]} Rxe1+ {[%emt 0:00:01]} 24. Ka2 {[%emt 0:00:02]} Re3 {[%emt 0:00:04]} 25. Rf2 {[%emt 0:00:01]} Qd4 {[%emt 0:00:02]} 26. Qa4 {[%emt 0:00:02]} b5 {[%emt 0:00:02]} 27. cxb5 {[%emt 0:00:01]} Qxd5+ {[%emt 0:00:01]} 28. b3 {[%emt 0:00:05]} Qd3 {[%emt 0:00:04]} 29. Rb2 {[%emt 0:00:02]} Bxb2 {[%emt 0:00:02]} 30. bxa6 {[%emt 0:00:02]} Qd2 {[%emt 0:00:01]} 31. Nf4 {[%emt 0:00:02]} Be5+ {[%emt 0:00:01]} 32. Kb1 {[%emt 0:00:01]} Re1# {[%emt 0:00:01] (Lag: Av=0.35s, max=0.5s)} 0-1

[Event "Stay Safe Play From Home 347"]
[Site "Emanuel Lasker Arena"]
[Date "2020.07.31"]
[Round "8"]
[White "Klasman"]
[Black "SelamiSahin"]
[Result "0-1"]
[WhiteElo "1301"]
[BlackElo "2181"]
[Annotator "TA"]
[PlyCount "56"]
[EventDate "2020.07.31"]
[EventType "swiss (blitz)"]

{[%evp 9,56,-27,-23,-27,-27,-29,-26,-70,0,-36,-33,-91,0,0,0,0,0,0,0,-40,-47,-75,-49,-113,-113,-606,-595,-526,-285,-1085,-1148,-1126,-1119,-1094,-1090,-1041,-1037,-1014,-1007,-974,-954,-1214,-1203,-1185,-1098,-1043,-717,-1155,-989]} 1. f4 c6 2. Nf3 d5 3. c4 Nf6 4. cxd5 cxd5 5. d4 Nc6 6. e3 {A03: Bird's Opening with 1...d5.} Bf5 7. Nc3 e6 {[#]} 8. Qb3 $146 {Black has an edge.} ({Predecessor:} 8. a4 Be7 9. Be2 O-O 10. O-O Rc8 11. Bd2 Na5 12. Ne5 {½-½ (12) Puhalo,Z (2011)-Pardic,O (2210) Subotica 2015}) 8... Qb6 (8... Nb4 $15 9. Bb5+ Nd7) 9. Bb5 Bd6 10. Ne5 ({White should try} 10. Na4 $15 Qc7 11. O-O) 10... Bxe5 (10... O-O $17 {Threatens to win with ...Nb4.} 11. Bxc6 bxc6 12. Qxb6 axb6) 11. fxe5 $11 Ne4 $36 {[%mdl 2048] Black has good play.} 12. Nxe4 Bxe4 13. O-O O-O 14. Bxc6 Qxc6 15. Qd1 Qb5 16. Qg4 ({White should play} 16. Rf2 $15) 16... Rac8 $17 {[#] Strongly threatening ...Rc2.} 17. h4 $2 {[%mdl 8192] Now White is beyond hope.} (17. Rf2 $17) 17... Rc2 $19 18. Rf2 Rfc8 19. h5 $2 (19. Bd2) 19... Rxf2 {Black is clearly winning.} 20. Kxf2 Rc2+ 21. Kg1 Rxg2+ 22. Qxg2 Bxg2 23. Kxg2 {[%mdl 4096] Endgame KQ-KRB} Qe2+ 24. Kg3 Qxh5 25. b3 Qg5+ 26. Kf3 Qf5+ 27. Ke2 Qc2+ 28. Kf3 Qc3 {Accuracy: White = 34%, Black = 62%.} 0-1

[Event "Stay Safe Play From Home 347"]
[Site "Emanuel Lasker Arena"]
[Date "2020.07.31"]
[Round "9"]
[White "NTBT_DHS"]
[Black "TheCHESSHOUSE"]
[Result "0-1"]
[WhiteElo "2613"]
[BlackElo "2111"]
[Annotator "TA"]
[PlyCount "62"]
[EventDate "2020.07.31"]
[EventType "swiss (blitz)"]

{[%evp 17,62,-4,-6,-29,-23,-43,-14,-103,-89,-328,-347,-729,-107,-119,-91,-76,-89,-141,-130,-196,-191,-191,-192,-218,-196,-275,-277,-319,-288,-306,-293,-341,-334,-541,-339,-872,-339,-347,-330,-833,-833,-826,-824,-878,-862,-1033,-1024]} 1. e4 c5 2. Nf3 d6 3. d4 cxd4 4. Nxd4 Nf6 5. Nc3 g6 6. Be3 Bg7 7. f3 O-O 8. Qd2 Nc6 9. Nxc6 bxc6 10. O-O-O {B76: Sicilian Dragon: Yugoslav Attack, 9 g4 and 9 0-0-0.} Qa5 11. h4 h5 12. Be2 (12. Bc4 $11 {remains equal.}) 12... Be6 $17 {[#]} 13. g4 $146 (13. Kb1 $17 {was necessary.}) ({Predecessor:} 13. Kb1 Rab8 14. Rdg1 Qb4 15. Nd1 Qa3 16. b3 Rb4 17. g4 Ra4 18. Nc3 Ra5 19. Bh6 {0-1 (73) Endress,A (1332)-Huhnstock,R (976) Winterberg 2002}) 13... Rab8 $19 {White must now prevent ...Rxb2!} (13... hxg4 14. Bh6 $17) 14. gxh5 $2 {[#]} (14. e5 dxe5 15. a3) 14... Nxh5 $2 (14... Rxb2 $3 $19 {[%mdl 512] and Black stays clearly on top.} 15. Qd3 {[#]} (15. Kxb2 Rb8+) 15... Nxe4 $1 {[%mdl 512]} 16. Nxe4 Rfb8 17. Nf6+ Bxf6 18. Bb6 R8xb6 19. c3 Qxa2 20. Qxg6+ fxg6 21. Bd3 Qa1+ 22. Bb1 Qxb1#) 15. Bd4 $17 Bxa2 {aiming for ...e5.} 16. Bxg7 Kxg7 $40 {[%mdl 128] White is in trouble.} 17. f4 (17. Nxa2 $142 Qxa2 18. Qc3+ e5 19. b3) 17... Qb4 {[%csl Gb8][%cal Rb4b2]} 18. Qd4+ (18. Qe3 $17 Rh8 19. b3 Bxb3 20. cxb3) 18... Qxd4 $19 19. Rxd4 {Bxh5 is the strong threat.} Nxf4 20. h5 Rh8 21. Bd1 (21. Rg1 {keeps fighting.}) 21... Be6 ({Not} 21... Nxh5 22. Nxa2 Nf6 23. Rg1 $14) 22. Rf1 g5 ({And not} 22... gxh5 23. Rxf4 h4 24. Rf2 $11) 23. Ra4 Rb7 ({Much less strong is} 23... Nxh5 24. Rxa7 Rbe8 25. Rg1 $19) 24. Ra5 f6 25. Ra6 $2 (25. b3 {might work better.}) 25... c5 26. Bf3 $2 (26. b3) 26... Rc7 $2 (26... Bc4 27. Rxd6 exd6) 27. Nb5 Rd7 {Hoping for ...Bc4.} 28. Rxa7 $2 (28. b3) 28... Rxa7 {Black is clearly winning.} 29. Nxa7 Ra8 30. h6+ Kh7 31. e5 Rxa7 {Accuracy: White = 22%, Black = 60%.} 0-1

[Event "Stay Safe Play From Home 347"]
[Site "Emanuel Lasker Arena"]
[Date "2020.07.31"]
[Round "9"]
[White "Mepe_Nika"]
[Black "Gibiz144"]
[Result "1-0"]
[WhiteElo "2379"]
[BlackElo "1651"]
[Annotator "NA"]
[PlyCount "71"]
[EventDate "2020.07.31"]
[EventType "swiss (blitz)"]

1. d4 {[%emt 0:00:01]} e6 {[%emt 0:00:00]} 2. Bf4 {[%emt 0:00:00]} b6 {[%emt 0:00:01]} 3. e4 {[%emt 0:00:02]} d6 {[%emt 0:00:01]} 4. c4 {[%emt 0:00:01]} Bb7 {[%emt 0:00:01]} 5. Nc3 {[%emt 0:00:00]} Ne7 {[%emt 0:00:01]} 6. Nf3 {[%emt 0:00:01]} h6 {[%emt 0:00:01]} 7. Bd3 {[%emt 0:00:02]} g6 {[%emt 0:00:01]} 8. O-O {[%emt 0:00:01]} Bg7 {[%emt 0:00:01]} 9. Qd2 {[%emt 0:00:00]} Nd7 {[%emt 0:00:01]} 10. Rfe1 {[%emt 0:00:01]} Nc6 {[%emt 0:00:01]} 11. d5 {[%emt 0:00:02]} Nce5 {[%emt 0:00:01]} 12. Nxe5 {[%emt 0:00:00]} Nxe5 {[%emt 0:00:02]} 13. Bxe5 {[%emt 0:00:00]} Bxe5 {[%emt 0:00:01]} 14. f4 {[%emt 0:00:00]} Bg7 {[%emt 0:00:01]} 15. e5 {[%emt 0:00:02]} O-O {[%emt 0:00:02]} 16. dxe6 {[%emt 0:00:01]} fxe6 {[%emt 0:00:01]} 17. Bxg6 {[%emt 0:00:00]} dxe5 {[%emt 0:00:02]} 18. Qxd8 {[%emt 0:00:01]} Raxd8 {[%emt 0:00:01]} 19. fxe5 {[%emt 0:00:00]} Rd3 {[%emt 0:00:02]} 20. Bxd3 {[%emt 0:00:01]} Rf4 {[%emt 0:00:02]} 21. Nb5 {[%emt 0:00:01]} Rg4 {[%emt 0:00:02]} 22. Re2 {[%emt 0:00:02]} Bxe5 {[%emt 0:00:03]} 23. Rxe5 {[%emt 0:00:01]} Rxg2+ {[%emt 0:00:01]} 24. Kf1 {[%emt 0:00:00]} Rxh2 {[%emt 0:00:01]} 25. Ke1 {[%emt 0:00:03]} Rh1+ {[%emt 0:00:01]} 26. Bf1 {[%emt 0:00:00]} Bg2 {[%emt 0:00:02]} 27. Kf2 {[%emt 0:00:00]} Bxf1 {[%emt 0:00:05]} 28. Rxf1 {[%emt 0:00:00]} Rh2+ {[%emt 0:00:01]} 29. Kg1 {[%emt 0:00:01]} Rxb2 {[%emt 0:00:01]} 30. Nxc7 {[%emt 0:00:01]} Rxa2 {[%emt 0:00:02]} 31. Rxe6 {[%emt 0:00:01]} Ra4 {[%emt 0:00:02]} 32. Re7 {[%emt 0:00:02]} Rxc4 {[%emt 0:00:02]} 33. Ne6 {[%emt 0:00:01]} Rg4+ {[%emt 0:00:02]} 34. Kh2 {[%emt 0:00:00]} Rh4+ {[%emt 0:00:01]} 35. Kg3 {[%emt 0:00:00]} Re4 {[%emt 0:00:02]} 36. Rf8# {[%emt 0:00:01] (Lag: Av=0.45s, max=0.7s)} 1-0

[Event "Stay Safe Play From Home 347"]
[Site "Emanuel Lasker Arena"]
[Date "2020.07.31"]
[Round "9"]
[White "SelamiSahin"]
[Black "Hickey"]
[Result "0-1"]
[WhiteElo "2181"]
[BlackElo "2081"]
[Annotator "TA"]
[PlyCount "166"]
[EventDate "2020.07.31"]
[EventType "swiss (blitz)"]

{[%evp 10,166,13,-13,11,14,10,-71,0,0,0,0,0,-2,0,0,0,0,45,45,25,0,0,0,185,0,0,0,13,0,16,16,17,20,49,49,114,22,129,-54,-19,-35,11,0,0,0,0,-25,-33,-45,0,0,0,0,356,-29,-10,-11,-10,-8,30,-260,-250,-264,-267,-334,-314,-293,-296,-368,-129,-297,-213,-539,-126,-1152,-437,-677,-670,-1125,-1118,-1241,-471,-539,412,-297,-297,-282,-158,-273,-270,-816,-237,-937,-892,-29978,-29979,-29979,-29979,-29985,-29986,-29986,-29987,-29988,-29989,-29991,-29992,-29992,-29993,-29993,-29994,-29994,-29995,-29995,-29996,-29996,-29996,-29996,-29997,-29998,-29999,-29999,-29998,-29999,-29992,-29992,-29990,-29993,-29992,-29992,-29982,-29982,-29983,-29983,-29984,-29983,-29983,-29983,-29984,-29985,-29986,-29986,-29986,-29986,-29987,-29987,-29988,-29990,-29990,-29991,-29990,-29991,-29991,-29992,-29993,-29993,-29994,-29994,-29995]} 1. d4 Nf6 2. c4 e6 3. Nc3 Bb4 4. f3 O-O 5. e4 c5 6. d5 (6. a3 $5 {[%cal Ra3b4]} Bxc3+ 7. bxc3 $11) 6... exd5 {E20: Nimzo-Indian: 4 g3 and 4 f3.} (6... b5 $5) 7. cxd5 Re8 8. Bd3 (8. Nh3 $11) 8... d6 (8... Nxd5 $17 9. Nge2 Nb6) 9. Nge2 $11 a6 {[#]} 10. a3 $146 ({Predecessor:} 10. O-O b5 11. Bg5 Nbd7 12. a3 Ba5 13. b3 Bb6 14. Kh1 Ne5 15. Bc2 h6 16. Bh4 {0-1 (58) Dimitrijevic,S (2100)-Fabeta,J (2029) Croatia 2011}) 10... Ba5 $1 11. O-O $36 {[%mdl 2048] Black is under pressure.} b5 12. Bg5 h6 13. Bh4 Bb6 {Strongly threatening ...c4+.} 14. Kh1 Nbd7 15. Bc2 Ne5 16. Qc1 Nc4 $2 (16... Ng6 $11 {and Black has nothing to worry.} 17. Bf2 Bd7) 17. b3 $2 (17. f4 $1 $18) 17... Ne5 18. Qd2 Ng6 19. Bg3 Qe7 20. Nf4 Nxf4 21. Bxf4 Nd7 22. Bg3 Ne5 (22... h5 $14) 23. Ne2 (23. f4 $16 Ng6 24. e5 $1 {[%mdl 512]}) 23... Bd7 {[#]} (23... Qd8 $11 {remains equal.}) 24. Nf4 $2 ({White must play} 24. f4 $1 $16) 24... Rac8 25. Nd3 Nxd3 26. Bxd3 c4 27. bxc4 bxc4 28. Bc2 c3 29. Qf4 Bb5 30. Rfd1 Bc5 31. a4 Bc4 $2 {[%mdl 8192]} (31... g5 $11 32. Qc1 Bc4) 32. h3 $2 ({Only move:} 32. e5 $1 $18) 32... a5 33. Rab1 Bb4 34. Qe3 Qf6 35. Rd4 $2 {[%mdl 8192]} (35. f4 $11 {and White is okay.}) 35... Bc5 $19 {[%mdl 64] Skewer} 36. Rbd1 {[#]} Bxd5 $1 {[%mdl 512]} 37. Qg1 (37. Rxd5 Bxe3) 37... Bxd4 38. Rxd4 Be6 39. Rxd6 Rc4 $2 (39... Red8 $19 {and Black stays clearly on top. White must now prevent ...Rxd6.} 40. Qb6 Rxd6 41. Qxd6 Qd8) 40. e5 $2 (40. f4 $17) 40... Qg5 41. Bf2 $2 (41. Kh2 {is a better chance.}) 41... Qd2 $2 (41... Qxe5 $19 42. Rd1 Bf5) 42. Qd1 $2 {[%mdl 8192]} (42. Rxd2 $17 cxd2 43. Bd1) 42... Qxd1+ (42... Qxf2 $142 43. Rd8 Rc8) 43. Bxd1 (43. Rxd1 $142 Rb4 44. Rc1) 43... Rb4 44. Bc2 Rb2 45. Be4 Rd2 (45... Rxf2 $142 46. Kh2 c2 47. Bxc2 Rxc2) 46. Kg1 Rd5 $4 {[%mdl 8192]} (46... c2 $19 {and all is fine.} 47. Bxc2 Rxc2) 47. Rxd5 $4 {[%mdl 8192]} (47. Bxd5 $18 c2 48. Be3) 47... Bxd5 48. Bxd5 Rc8 (48... c2 $19 49. Be3 Rxe5) 49. Be3 (49. Bb3 $17 c2 50. Bxc2 Rxc2 51. Bb6) 49... c2 50. Bc1 $2 (50. e6 c1=Q+ 51. Bxc1 Rxc1+ 52. Kh2 fxe6 53. Bxe6+ Kf8 54. Bd7) 50... Rb8 $2 (50... Rd8 51. Be4 Rd1+ {[%mdl 64] Double Attack} 52. Kh2 Rxc1) 51. Be4 $2 (51. Kf2 Rd8 52. Bc4) 51... Rb1 $1 52. Bxc2 Rxc1+ {[%mdl 64] Double Attack. Black mates.} 53. Kf2 Rxc2+ {[%mdl 4096] Endgame KR-KP} 54. Kg3 Ra2 55. f4 Rxa4 56. Kg4 Rb4 57. g3 a4 58. h4 a3 59. h5 a2 60. e6 a1=Q 61. e7 Qd1+ 62. Kh4 {[#]} Re4 $1 63. e8=Q+ Rxe8 64. f5 Qh1+ 65. Kg4 Re5 {[%cal Re5e4]} 66. Kf4 {[#]} Rxf5+ $1 67. Kxf5 Qxh5+ 68. Kf4 Qg5+ 69. Kf3 {[#]} Qxg3+ $1 70. Kxg3 {KP-KP} g6 71. Kh4 Kg7 72. Kg4 f6 73. Kh4 g5+ 74. Kg4 Kg6 75. Kg3 f5 76. Kf2 h5 77. Ke2 h4 78. Kd2 g4 79. Kc2 Kg5 80. Kb2 h3 81. Ka2 h2 82. Kb3 h1=Q 83. Kc4 g3 {Accuracy: White = 40%, Black = 53%.} 0-1